|
|
แสดงรายละเอียดบรรณานุกรม |
|
|
Brief Record
: Get Marc (ISO 2709)
: E-mail record
: |
|
|
| LEADER 00000nam 2200000uu 4500 | |||
| 001 208323 | |||
| 003 ULIBM | |||
| 008 121022s2555||||th 000 0 tha d | |||
| 020 ^a9786169067153 | |||
| 040 ^abcnkk | |||
| 060 4 ^aWX218^bว712 2555 | |||
| 100 0 ^aวิโรจน์ ไววานิชกิจ | |||
| 245 10 ^aการแปลผลและจัดการค่าวิกฤติทางห้องปฏิบัติการทางเวชบำบัดวิกฤตหลักการตรวจทางห้องปฏิบัติการสำหรับพยาบาล แพทย์และบุคลากรทางแพทย์ /^c[ผู้นิพนธ์] วิโรจน์ ไววานิชกิจ | |||
| 250 ^aพิมพ์ครั้งแรก | |||
| 260 ^aกรุงเทพฯ :^bLove Me Love My Books,^c2555 | |||
| 300 ^a112 หน้า :^bภาพประกอบ | |||
| 650 4 ^aการดูแลขั้นวิกฤต | |||
| 650 4 ^aผู้ป่วยหนัก^xการดูแล | |||
| 650 4 ^aผู้ป่วยหนัก^xการวินิจฉัยโรคทางห้องปฏิบัติการ | |||
| 999 ^aใช้งานได้ทุกระบบ | |||
| คุณยังไม่ได้ล็อกอิน คุณสามารถมีกิจกรรมร่วมกับเว็บไซต์ได้ แต่ต้องล็อกอินก่อน :: |
|
| สถานะ | |||||||||
| 1. | หนังสือทั่วไป สถานะ=หนังสือเก่า - บริการ ณ ห้องสมุด (ห้องเหลือง) | WX218 ว712 2555 | On Shelf ขอยืม | ||||||
| Note:ปีงบประมาณ 2555 | |||||||||
| 2. | หนังสือทั่วไป สถานะ=หนังสือเก่า - บริการ ณ ห้องสมุด (ห้องเหลือง) | WX218 ว712 2555 ฉ.2 | On Shelf ขอยืม | ||||||
| Note:ปีงบประมาณ 2555 | |||||||||
| 3. | หนังสือทั่วไป สถานะ=หนังสือเก่า - บริการ ณ ห้องสมุด (ห้องเหลือง) | WX218 ว712 2555 ฉ.5 | On Shelf ขอยืม | ||||||
| Note:ปีงบประมาณ 2555 | |||||||||
| [แสดง 5/5 รายการ] | |||||||||
BibComment |
| คอมเมนท์ทรัพยากรรายการนี้ |
|
|